| 000 | 00718nam a22001697a 4500 | ||
|---|---|---|---|
| 008 | 100808s1987 enk|||||r|||| 00| 0 eng d | ||
| 082 |
_a620.192 _bPOL |
||
| 245 |
_aPolymer Degradation and Stability.Vol18 No.3 / _cEditor N. Grassie, North American Editor J. C. W. Chien |
||
| 260 |
_aLondon: _bElsevier Applied Science, _c1987 |
||
| 300 |
_a270p.: _bill.; _c24 cm. |
||
| 650 |
_917012 _aPolymers _vPeriodicals. _xDeterioration |
||
| 650 |
_917013 _aStabilizing agents _vPeriodicals. |
||
| 700 |
_917208 _aGrassie, N. _eEditor |
||
| 700 |
_917210 _aChien, J. C. W. _eEditor |
||
| 942 |
_2ddc _cBB |
||
| 999 |
_c14634 _d14634 |
||